Toky priamych zahraničných investícií v regióne strednej a východnej Európy v rokoch 2000 - 2003

Gespeichert in:
Bibliographische Detailangaben
1. Verfasser: Dudáš, Tomáš, 1976-
Format: Buchkapitel
Sprache:Slowakisch
Tags: Tag hinzufügen
Keine Tags, Fügen Sie das erste Tag hinzu!

MARC

LEADER 00000naa$a2200000$$$4500
001 0061308
005 20240502071703.5
041 0 |a slo 
044 |a SK 
245 1 0 |a Toky priamych zahraničných investícií v regióne strednej a východnej Európy v rokoch 2000 - 2003  |c Tomáš Dudáš 
100 1 |a Dudáš, Tomáš, 1976-